I'd Do Anything for Love Lyrics - Statistics

General Stats
  • This quiz has been taken 109 times
  • The average score is 769 of 930
Answer Stats
AnswerAnd % Correct
a
100%
an
100%
anything
100%
Anything
100%
do
100%
for
100%
I
100%
i
100%
love
100%
you
100%
You
100%
N'
98%
and
96%
And
96%
But
96%
but
96%
that
96%
That
96%
that!
96%
won't
96%
wont
96%
would
96%
no
95%
No
95%
I'd
91%
me
91%
to
91%
can
89%
Can
89%
Oh
89%
oh
89%
So
89%
so
89%
be
88%
of
88%
will
88%
Will
88%
back
86%
in
86%
never
86%
go
84%
it
84%
It
84%
the
84%
The
84%
are
82%
right
82%
on
80%
run
80%
some
80%
Some
80%
all
79%
ever
79%
just
79%
your
79%
been
77%
hell
77%
I'll
77%
that's
77%
That's
77%
down?
75%
down
75%
feel
75%
now
75%
Now
75%
dreaming
73%
fact
73%
God
73%
if
73%
night
73%
one
73%
way
73%
get
71%
it's
71%
its
71%
know
71%
this
71%
too
71%
up?
71%
you've
71%
at
70%
days
70%
end
70%
out
70%
see
70%
with
70%
As
68%
as
68%
come
68%
don't
68%
I'm
68%
into
68%
I've
68%
lie
68%
like
68%
my
68%
then
68%
we
68%
long
66%
take
66%
every
64%
there
64%
these
64%
turn
64%
when
64%
easy
63%
Or
63%
or
63%
time
63%
you're
63%
hot
61%
HOT
61%
believe
59%
better
59%
fire
59%
hard
59%
nights
59%
night's
59%
pray
59%
Rock
59%
Roll.
59%
Sex
59%
true
59%
turning
59%
water
59%
again
57%
around
57%
before
57%
burning
57%
make
57%
you'll
57%
crazy
55%
forget
55%
holy
55%
maybe
55%
town?
55%
fall
54%
Godforsaken
54%
only
54%
stop
54%
dreams
52%
give
52%
life
52%
seen
52%
coming
50%
Drums
50%
known?
50%
nothing
50%
places
50%
raise
50%
screwing
50%
later
48%
lonely
48%
save
48%
sooner
48%
else
46%
got?
46%
hold
46%
ice
46%
we'll
46%
wheels
46%
cold?
45%
dust
43%
hose
43%
It'll
43%
silence
43%
black
41%
breathing
41%
everything
41%
help
39%
planets
39%
soul
39%
territory
39%
Tonight
39%
white?
39%
feeling
38%
fires
38%
forgive
38%
myself
38%
There's
38%
till
38%
After
36%
something
36%
fantasy
34%
hands?
34%
home?
34%
keep
34%
promise
34%
sick
34%
two
34%
less
32%
little
32%
there'll
32%
final
30%
move
30%
own
30%
sand?
30%
somedays
30%
Somedays
30%
stars
30%
build
29%
grains
29%
old?
29%
tight?
29%
was
29%
carved
27%
city
27%
while
27%
act
25%
colorize
25%
control
25%
emerald
25%
fling
25%
prayers
25%
qualified
25%
lose
23%
magic
23%
midsummer
23%
pact
23%
seal
23%
thunder
23%
vow
21%
watch
18%
brief
16%
dance
16%
rolls
16%
interlude
14%
sacred?
14%
cater
13%
No matching quizzes found
Score Distribution
Percent of People with Each Score
Percentile by Number Answered
Your Score History
You have not taken this quiz